[Event "Muensterland Verbandsliga 1920"]
[Site "Germany"]
[Date "2020.02.22"]
[Round "7.5"]
[White "Schulte, Ralf"]
[Black "Schipke, Thorsten"]
[Result "1/2-1/2"]
[WhiteElo "1779"]
[BlackElo "1838"]
[PlyCount "34"]
[EventDate "2019.09.07"]
[EventType "team-tourn"]
[EventRounds "7"]
[EventCountry "GER"]
[SourceTitle "EXT 2023"]
[Source "ChessBase"]
[SourceDate "2022.10.05"]
[SourceVersion "1"]
[SourceVersionDate "2022.10.05"]
[SourceQuality "1"]
[WhiteTeam "Emsdetten Rochade II"]
[BlackTeam "Nienberge II"]
[WhiteTeamCountry "GER"]
[BlackTeamCountry "GER"]

1. d4 d5 2. c4 e5 3. e3 Nc6 4. Nc3 Bb4 5. a3 Bxc3+ 6. bxc3 Nf6 7. cxd5 Qxd5 8. Nf3 e4 9. Nd2 0-0 10. g3 Ne7 11. Bg2 Bg4 12. Qb3 Qxb3 13. Nxb3 Ned5 14. Bd2 Rfe8 15. 0-0 Nb6 16. Na5 Be2 17. Rfc1 Rab8 1/2-1/2

[Event "Muensterland Verbandsliga 1920"]
[Site "Germany"]
[Date "2020.01.11"]
[Round "5.3"]
[White "Schipke, Thorsten"]
[Black "Kasubke, Manfred"]
[Result "1-0"]
[WhiteElo "1838"]
[BlackElo "1834"]
[PlyCount "69"]
[EventDate "2019.09.07"]
[EventType "team-tourn"]
[EventRounds "7"]
[EventCountry "GER"]
[SourceTitle "EXT 2023"]
[Source "ChessBase"]
[SourceDate "2022.10.05"]
[SourceVersion "1"]
[SourceVersionDate "2022.10.05"]
[SourceQuality "1"]
[WhiteTeam "Nienberge II"]
[BlackTeam "Nordwalde"]
[WhiteTeamCountry "GER"]
[BlackTeamCountry "GER"]

1. e4 Nf6 2. e5 Nd5 3. Nc3 Nxc3 4. dxc3 e6 5. Bf4 b6 6. Nf3 h6 7. Bd3 Bb7 8. Qe2 d5 9. exd6 Bxd6 10. Bxd6 Qxd6 11. 0-0-0 Qf4+ 12. Kb1 0-0 13. Nd4 c5 14. Nf3 Bxf3 15. gxf3 Nc6 16. Rde1 Rad8 17. Rhg1 c4 18. Bxc4 Rd2 19. Qf1 Qxf3 20. Rg2 Rfd8 21. Be2 Qd5 22. Rg1 Ne5 23. f4 Rxe2 24. Qxe2 Nf3 25. Rd1 Nd2+ 26. Ka1 f6 27. b3 e5 28. fxe5 fxe5 29. Kb2 e4 30. Kc1 Qc5 31. Kb2 e3 32. Rg3 b5 33. Rxe3 Nc4+ 34. bxc4 Rf8 35. cxb5 1-0

[Event "Muensterland Verbandsklasse 1819"]
[Site "Germany"]
[Date "2019.05.18"]
[Round "9.3"]
[White "Schipke, Thorsten"]
[Black "Binger, Friedhelm"]
[Result "1-0"]
[WhiteElo "1860"]
[BlackElo "1716"]
[PlyCount "63"]
[EventDate "2018.09.15"]
[EventType "team-tourn"]
[EventRounds "9"]
[EventCountry "GER"]
[SourceTitle "EXT 2020"]
[Source "ChessBase"]
[SourceDate "2019.10.17"]
[SourceVersion "1"]
[SourceVersionDate "2019.10.17"]
[SourceQuality "1"]
[WhiteTeam "Nienberge II"]
[BlackTeam "Gronau II"]
[WhiteTeamCountry "GER"]
[BlackTeamCountry "GER"]

1. e4 e5 2. f4 Bc5 3. Nc3 d6 4. Nf3 Nc6 5. Na4 Bb6 6. Nxb6 axb6 7. Bc4 Nf6 8. d3 0-0 9. 0-0 Na5 10. Qe2 Nxc4 11. dxc4 Bg4 12. f5 h6 13. h3 Bxf3 14. Rxf3 Nh7 15. a3 Qe7 16. Be3 f6 17. g4 Ng5 18. Bxg5 fxg5 19. Raf1 Rf6 20. Qd3 Ra7 21. Kg2 Qf7 22. Rh1 Kf8 23. h4 gxh4 24. Rxh4 Ke7 25. Rg3 Ra8 26. g5 hxg5 27. Rxg5 Rh6 28. Qg3 Rxh4 29. Qxh4 Kd7 30. Qh7 Rg8 31. b3 Kc6 32. Rg6 1-0

[Event "Muensterland Verbandsklasse 1819"]
[Site "Germany"]
[Date "2019.01.19"]
[Round "5.2"]
[White "Schipke, Thorsten"]
[Black "Hegemann, Eike"]
[Result "0-1"]
[WhiteElo "1860"]
[BlackElo "1958"]
[PlyCount "58"]
[EventDate "2018.09.15"]
[EventType "team-tourn"]
[EventRounds "9"]
[EventCountry "GER"]
[SourceTitle "EXT 2020"]
[Source "ChessBase"]
[SourceDate "2019.10.17"]
[SourceVersion "1"]
[SourceVersionDate "2019.10.17"]
[SourceQuality "1"]
[WhiteTeam "Nienberge II"]
[BlackTeam "Saerbeck"]
[WhiteTeamCountry "GER"]
[BlackTeamCountry "GER"]

1. e4 c5 2. Nc3 e6 3. f4 Nc6 4. Nf3 a6 5. d3 d5 6. Be2 Nf6 7. e5 d4 8. Nb1 Nd5 9. 0-0 Be7 10. c3 b5 11. a4 Bb7 12. axb5 axb5 13. Rxa8 Qxa8 14. Na3 b4 15. cxb4 Ncxb4 16. Nc4 0-0 17. Bd2 Ba6 18. Qe1 Bxc4 19. dxc4 Nc2 20. Qg3 Nde3 21. Rc1 Rb8 22. Ng5 Bxg5 23. Qxg5 Qe4 24. Bf3 Qd3 25. Ba5 Nxc4 26. Rxc2 Qxc2 27. Bd8 Qb1+ 28. Kf2 Rxb2+ 29. Kg3 Qg6 0-1

[Event "Muensterland Verbandsliga 1718"]
[Site "Germany"]
[Date "2018.04.14"]
[Round "8.5"]
[White "Loedding, Detlef"]
[Black "Schipke, Thorsten"]
[Result "1/2-1/2"]
[WhiteElo "1862"]
[BlackElo "1839"]
[PlyCount "120"]
[EventDate "2017.09.09"]
[EventType "team-tourn"]
[EventRounds "9"]
[EventCountry "GER"]
[SourceTitle "EXT 2019"]
[Source "ChessBase"]
[SourceDate "2018.10.10"]
[SourceVersion "1"]
[SourceVersionDate "2018.10.10"]
[SourceQuality "1"]
[WhiteTeam "Duelmen"]
[BlackTeam "Nienberge II"]
[WhiteTeamCountry "GER"]
[BlackTeamCountry "GER"]

1. g3 e5 2. c4 Nc6 3. Bg2 f5 4. e3 Nf6 5. Ne2 Be7 6. d4 e4 7. a3 d6 8. b4 0-0 9. Nbc3 Qe8 10. Bb2 Qf7 11. Qb3 a6 12. Nd5 Bd8 13. Rc1 Nb8 14. Nxf6+ Bxf6 15. d5 Nd7 16. Nd4 Ne5 17. Bf1 Bd7 18. Be2 g5 19. c5 f4 20. gxf4 gxf4 21. Ne6 fxe3 22. fxe3 Bxe6 23. dxe6 Qe7 24. cxd6 cxd6 25. Kd1 d5 26. Bd4 Qxe6 27. Rg1+ Kh8 28. Rc7 Rac8 29. Rc5 Rxc5 30. bxc5 Nf3 31. Bxf3 exf3 32. Qc3 f2 33. Rf1 Qg4+ 34. Kd2 Qf3 35. Bxf6+ Rxf6 36. Qe5 Kg7 37. Qg3+ Qxg3 38. hxg3 Rf3 39. Ke2 Rxg3 40. Rxf2 Rg5 41. Kd3 h5 42. Rb2 Rg4 43. Rxb7+ Kf6 44. Rb6+ Ke5 45. Rxa6 Rc4 46. Rh6 Rxc5 47. Rxh5+ Kd6 48. Rh4 Rc1 49. Ra4 Rd1+ 50. Kc2 Re1 51. Kd2 Ra1 52. Ra8 Ke5 53. Kc3 Ke4 54. Re8+ Kf3 55. Kb4 Re1 56. Kc5 Ra1 57. Kxd5 Rxa3 58. e4 Ra5+ 59. Kc6 Ra6+ 60. Kc5 Kf4 1/2-1/2

[Event "Muensterland Verbandsliga 1718"]
[Site "Germany"]
[Date "2018.03.03"]
[Round "7.4"]
[White "Voss, Andreas"]
[Black "Schipke, Thorsten"]
[Result "0-1"]
[WhiteElo "1806"]
[BlackElo "1839"]
[PlyCount "68"]
[EventDate "2017.09.09"]
[EventType "team-tourn"]
[EventRounds "9"]
[EventCountry "GER"]
[SourceTitle "EXT 2019"]
[Source "ChessBase"]
[SourceDate "2018.10.10"]
[SourceVersion "1"]
[SourceVersionDate "2018.10.10"]
[SourceQuality "1"]
[WhiteTeam "Muenster SK IV"]
[BlackTeam "Nienberge II"]
[WhiteTeamCountry "GER"]
[BlackTeamCountry "GER"]

1. d4 d5 2. c4 e5 3. dxe5 d4 4. Nf3 Nc6 5. Nbd2 Bg4 6. a3 a5 7. h3 Bxf3 8. Nxf3 Bc5 9. Qa4 Nge7 10. Bg5 0-0 11. Rd1 Qe8 12. Qb5 Bb6 13. g3 a4 14. Bd2 Ng6 15. Bg2 Ngxe5 16. Nxe5 Nxe5 17. Qxe8 Rfxe8 18. Bf4 Nxc4 19. Bxb7 Rad8 20. Ba6 Ba5+ 21. Kf1 Nxb2 22. Rb1 Rb8 23. Rc1 Rb6 24. Bc4 Nxc4 25. Rxc4 Rb1+ 26. Kg2 Rxh1 27. Kxh1 Bb6 28. Rxa4 h6 29. Rc4 g5 30. Bc1 Rxe2 31. Kg2 d3 32. Kf1 Rxf2+ 33. Ke1 Re2+ 34. Kd1 Ba5 0-1

[Event "Muensterland Verbandsliga 1718"]
[Site "Germany"]
[Date "2017.11.18"]
[Round "3.5"]
[White "Schipke, Thorsten"]
[Black "Rickert, Berthold"]
[Result "1-0"]
[WhiteElo "1839"]
[BlackElo "1727"]
[PlyCount "69"]
[EventDate "2017.09.09"]
[EventType "team-tourn"]
[EventRounds "9"]
[EventCountry "GER"]
[SourceTitle "EXT 2019"]
[Source "ChessBase"]
[SourceDate "2018.10.10"]
[SourceVersion "1"]
[SourceVersionDate "2018.10.10"]
[SourceQuality "1"]
[WhiteTeam "Nienberge II"]
[BlackTeam "Borken"]
[WhiteTeamCountry "GER"]
[BlackTeamCountry "GER"]

1. e4 g6 2. Nc3 Bg7 3. f4 d6 4. Nf3 e6 5. Bc4 Ne7 6. 0-0 c5 7. d3 Nbc6 8. Qe1 Na5 9. Bb5+ Bd7 10. f5 Bxb5 11. Nxb5 Nac6 12. fxe6 f6 13. Nc3 0-0 14. Nd5 Ne5 15. Qg3 Rc8 16. Be3 b6 17. Qh4 N7c6 18. Nxe5 dxe5 19. Rf2 g5 20. Qg4 Ne7 21. c4 Rc6 22. h4 h6 23. h5 Kh8 24. Raf1 Ng8 25. a3 Qe8 26. b4 cxb4 27. axb4 Qxe6 28. Qxe6 Rxe6 29. c5 bxc5 30. Bxc5 Rf7 31. Ra2 Bf8 32. Bxf8 Rxf8 33. Rxa7 Rfe8 34. Rf7 Ne7 35. Nxf6 1-0

[Event "Muensterland Verbandsliga 1718"]
[Site "Germany"]
[Date "2017.09.09"]
[Round "1.5"]
[White "Wild, Helmut"]
[Black "Schipke, Thorsten"]
[Result "1-0"]
[WhiteElo "1837"]
[BlackElo "1839"]
[PlyCount "97"]
[EventDate "2017.09.09"]
[EventType "team-tourn"]
[EventRounds "9"]
[EventCountry "GER"]
[SourceTitle "EXT 2019"]
[Source "ChessBase"]
[SourceDate "2018.10.10"]
[SourceVersion "1"]
[SourceVersionDate "2018.10.10"]
[SourceQuality "1"]
[WhiteTeam "Steinfurt"]
[BlackTeam "Nienberge II"]
[WhiteTeamCountry "GER"]
[BlackTeamCountry "GER"]

1. c4 e5 2. Nc3 Nc6 3. g3 f5 4. d3 Bb4 5. Bd2 Bxc3 6. Bxc3 Nf6 7. Bg2 0-0 8. e3 Qe8 9. Ne2 d6 10. 0-0 Ng4 11. b4 Qh5 12. h3 Nf6 13. b5 Ne7 14. f4 exf4 15. Nxf4 Qf7 16. Qb3 g5 17. Bxf6 Qxf6 18. c5+ Kh8 19. Nd5 Nxd5 20. Qxd5 Be6 21. Qd4 dxc5 22. Qxc5 b6 23. Qxc7 Rf7 24. Qc2 Rc8 25. Qf2 Qe5 26. Rab1 Rc3 27. Rfd1 Rd7 28. d4 Qxe3 29. d5 Bf7 30. d6 Qe5 31. Qd4 Qxd4+ 32. Rxd4 Rxg3 33. Kh2 Re3 34. Rb2 f4 35. Bc6 Rd8 36. d7 Be6 37. Rbd2 Rxh3+ 38. Kg2 Re3 39. Ra4 f3+ 40. Kf2 Re2+ 41. Rxe2 fxe2 42. Rxa7 Bg4 43. Ke1 Kg8 44. a4 Rf8 45. Kd2 h5 46. a5 bxa5 47. b6 Rb8 48. b7 Bxd7 49. Bxd7 1-0

[Event "Muensterland Verbandsklasse 1617"]
[Site "Germany"]
[Date "2017.03.04"]
[Round "7.4"]
[White "Schipke, Thorsten"]
[Black "Mense, Jens Uwe"]
[Result "1/2-1/2"]
[WhiteElo "1813"]
[BlackElo "1793"]
[PlyCount "29"]
[EventDate "2016.09.24"]
[EventType "team"]
[EventRounds "9"]
[EventCountry "GER"]
[SourceTitle "EXT 2018"]
[Source "ChessBase"]
[SourceDate "2017.10.13"]
[SourceVersion "1"]
[SourceVersionDate "2017.10.13"]
[SourceQuality "1"]
[WhiteTeam "Nienberge II"]
[BlackTeam "Nordwalde"]
[WhiteTeamCountry "GER"]
[BlackTeamCountry "GER"]

1. e4 g6 2. d4 Bg7 3. Bc4 d6 4. c3 Nd7 5. Qf3 Ngf6 6. Bf4 e5 7. dxe5 dxe5 8. Bg5 Qe7 9. Na3 c6 10. Ne2 h6 11. Bh4 0-0 12. h3 b5 13. Bb3 a6 14. 0-0 g5 15. Bg3 1/2-1/2

[Event "Muensterland Verbandsklasse 1617"]
[Site "Germany"]
[Date "2017.02.11"]
[Round "6.4"]
[White "Radinger, Rudolf"]
[Black "Schipke, Thorsten"]
[Result "0-1"]
[WhiteElo "1634"]
[BlackElo "1813"]
[PlyCount "68"]
[EventDate "2016.09.24"]
[EventType "team"]
[EventRounds "9"]
[EventCountry "GER"]
[SourceTitle "EXT 2018"]
[Source "ChessBase"]
[SourceDate "2017.10.13"]
[SourceVersion "1"]
[SourceVersionDate "2017.10.13"]
[SourceQuality "1"]
[WhiteTeam "Beelen II"]
[BlackTeam "Nienberge II"]
[WhiteTeamCountry "GER"]
[BlackTeamCountry "GER"]

1. e4 c5 2. Nf3 Nf6 3. Nc3 e6 4. d4 cxd4 5. Nxd4 Bb4 6. Bd3 Nc6 7. Nde2 d5 8. 0-0 d4 9. Nb1 e5 10. Nd2 Bg4 11. f4 exf4 12. Rxf4 Bd6 13. Rf1 Qe7 14. Qe1 Qc7 15. Qh4 0-0-0 16. Nc4 Bc5 17. Rxf6 Bxe2 18. Rf5 Bxd3 19. Rxc5 Bxc4 20. Rxc4 f6 21. a4 g5 22. Qh3+ Kb8 23. b4 Qe5 24. Bb2 Rhe8 25. Re1 f5 26. Rc5 Qd6 27. Qxf5 Rf8 28. Qxg5 Rg8 29. Qd2 Ne5 30. Kh1 Ng4 31. g3 Rdf8 32. Qxd4 Qh6 33. Qg1 Nf2+ 34. Kg2 Qh3# 0-1

[Event "Muensterland Regionalliga 1516"]
[Site "Germany"]
[Date "2016.02.27"]
[Round "7.8"]
[White "Schipke, Thorsten"]
[Black "Cvetkovic, Reinhard"]
[Result "1-0"]
[WhiteElo "1793"]
[BlackElo "1708"]
[PlyCount "45"]
[EventDate "2015.09.05"]
[EventType "team"]
[EventRounds "9"]
[EventCountry "GER"]
[SourceTitle "EXT 2017"]
[Source "ChessBase"]
[SourceDate "2016.10.25"]
[SourceVersion "1"]
[SourceVersionDate "2016.10.25"]
[SourceQuality "1"]
[WhiteTeam "Nienberge"]
[BlackTeam "Raesfeld Erle"]
[WhiteTeamCountry "GER"]
[BlackTeamCountry "GER"]

1. e4 Nc6 2. Nc3 e5 3. f4 Bc5 4. Nf3 d6 5. Bb5 Bd7 6. d3 Nge7 7. Na4 Bb4+ 8. c3 Ba5 9. b4 Bb6 10. Nxb6 cxb6 11. 0-0 0-0 12. f5 a6 13. Ba4 Kh8 14. Ng5 Ng8 15. Nxh7 Kxh7 16. Qh5+ Nh6 17. f6 Bg4 18. Qh4 Rg8 19. Bg5 Kg6 20. Bxh6 gxf6 21. Be3 Bh5 22. Rf5 Rh8 23. Qg3+ 1-0

[Event "Muensterland Verbandsklasse 1516"]
[Site "Germany"]
[Date "2016.02.20"]
[Round "6.3"]
[White "Schipke, Thorsten"]
[Black "Wetterau, Georg"]
[Result "1/2-1/2"]
[WhiteElo "1810"]
[BlackElo "1814"]
[PlyCount "85"]
[EventDate "2015.09.19"]
[EventType "team"]
[EventRounds "9"]
[EventCountry "GER"]
[SourceTitle "EXT 2017"]
[Source "ChessBase"]
[SourceDate "2016.10.25"]
[SourceVersion "1"]
[SourceVersionDate "2016.10.25"]
[SourceQuality "1"]
[WhiteTeam "Nienberge II"]
[BlackTeam "Nordwalde"]
[WhiteTeamCountry "GER"]
[BlackTeamCountry "GER"]

1. e4 e5 2. f4 exf4 3. Nf3 Nf6 4. e5 Ne4 5. d3 Ng5 6. Bxf4 Nxf3+ 7. Qxf3 d5 8. Be2 Be7 9. 0-0 Be6 10. c4 Nc6 11. cxd5 Nd4 12. Qf2 Nxe2+ 13. Qxe2 Qxd5 14. Nc3 Qd7 15. Be3 0-0 16. d4 Qc6 17. Rfd1 Rad8 18. Rac1 Qd7 19. h3 c6 20. Rf1 f5 21. Qf3 f4 22. Bf2 g5 23. d5 cxd5 24. Bxa7 b5 25. Bd4 b4 26. Nd1 Rc8 27. Nf2 Rxc1 28. Rxc1 Rc8 29. Rxc8+ Qxc8 30. Nd3 Qc4 31. Bf2 Bf5 32. Ne1 Qxa2 33. Qh5 Qa8 34. h4 Qc8 35. hxg5 Bg4 36. Qh6 Qf5 37. Bh4 Bc5+ 38. Kh2 Qxe5 39. g6 hxg6 40. Qxg6+ Qg7 41. Qc6 Qd4 42. Qg6+ Kf8 43. Qh6+ 1/2-1/2

[Event "Muensterland Verbandsklasse 1516"]
[Site "Germany"]
[Date "2015.12.19"]
[Round "4.3"]
[White "Schipke, Thorsten"]
[Black "Harbers, Gerard"]
[Result "1/2-1/2"]
[WhiteElo "1810"]
[BlackElo "1880"]
[PlyCount "51"]
[EventDate "2015.09.19"]
[EventType "team"]
[EventRounds "9"]
[EventCountry "GER"]
[SourceTitle "EXT 2017"]
[Source "ChessBase"]
[SourceDate "2016.10.25"]
[SourceVersion "1"]
[SourceVersionDate "2016.10.25"]
[SourceQuality "1"]
[WhiteTeam "Nienberge II"]
[BlackTeam "Suedlohn II"]
[WhiteTeamCountry "GER"]
[BlackTeamCountry "GER"]

1. e4 e6 2. d4 d5 3. e5 c5 4. Nf3 cxd4 5. Bd3 Nc6 6. a3 Nge7 7. 0-0 Ng6 8. Re1 Qc7 9. Qe2 Be7 10. c3 dxc3 11. Nxc3 a6 12. g3 Bc5 13. Bxg6 hxg6 14. Bf4 Nd4 15. Nxd4 Bxd4 16. Nxd5 Qc5 17. Nb4 Bd7 18. Rac1 Bb5 19. Qd2 Qb6 20. Bg5 a5 21. Nc2 Bc5 22. b4 axb4 23. axb4 Be7 24. Bxe7 Kxe7 25. Qg5+ Ke8 26. Qe3 1/2-1/2

[Event "Muensterland Verbandsklasse 1415"]
[Site "Germany"]
[Date "2014.10.04"]
[Round "2.8"]
[White "Schipke, Thorsten"]
[Black "Van de Laar, Han"]
[Result "1-0"]
[WhiteElo "1785"]
[BlackElo "1689"]
[PlyCount "57"]
[EventDate "2014.09.13"]
[EventType "team-tourn"]
[EventRounds "9"]
[EventCountry "GER"]
[SourceTitle "EXT 2016"]
[Source "ChessBase"]
[SourceDate "2015.10.08"]
[SourceVersion "1"]
[SourceVersionDate "2015.10.08"]
[SourceQuality "1"]
[WhiteTeam "Nienberge II"]
[BlackTeam "Suedlohn II"]
[WhiteTeamCountry "GER"]
[BlackTeamCountry "GER"]

1. e4 c5 2. Nc3 e6 3. g3 Nc6 4. Bg2 d6 5. d3 Nf6 6. Nge2 Be7 7. 0-0 0-0 8. f4 a6 9. h3 Qc7 10. g4 g6 11. Ng3 Nd4 12. Nce2 Bd7 13. c3 Nxe2+ 14. Qxe2 Bc6 15. f5 exf5 16. Bg5 Nxe4 17. dxe4 Bxg5 18. gxf5 Rae8 19. Qg4 Bd8 20. f6 Re5 21. Qf4 g5 22. Qg4 Kh8 23. Qh5 Rg8 24. Qh6 Qd7 25. Rad1 Re6 26. Rf5 Qe8 27. e5 Bxg2 28. Rxg5 Bc6 29. Rg7 1-0

[Event "Muensterland Verbandsklasse-B 1112"]
[Site "Germany"]
[Date "2012.05.12"]
[Round "9.1"]
[White "Wewers, Reinhard"]
[Black "Schipke, Thorsten"]
[Result "1-0"]
[WhiteElo "2068"]
[BlackElo "1836"]
[PlyCount "71"]
[EventDate "2011.09.17"]
[EventType "team-tourn"]
[EventRounds "9"]
[EventCountry "GER"]
[SourceTitle "EXT 2013"]
[Source "ChessBase"]
[SourceDate "2012.11.22"]
[SourceVersion "1"]
[SourceVersionDate "2012.11.22"]
[SourceQuality "1"]
[WhiteTeam "Duelmen"]
[BlackTeam "Nienberge II"]
[WhiteTeamCountry "GER"]
[BlackTeamCountry "GER"]

1. Nf3 Nc6 2. d4 d5 3. c4 e6 4. Nc3 Nf6 5. Bg5 Be7 6. e3 0-0 7. Rc1 Re8 8. a3 dxc4 9. Bxc4 Nd5 10. Bxe7 Qxe7 11. Nxd5 exd5 12. Bxd5 Qd6 13. Bxc6 bxc6 14. Ne5 c5 15. Rxc5 Rb8 16. b4 Bb7 17. 0-0 Bd5 18. Qg4 f6 19. Nc4 Qd8 20. Nd2 Rb6 21. Rfc1 c6 22. Qf4 Rb7 23. Nc4 Re4 24. Qd6 Rd7 25. Qg3 f5 26. Ne5 Rd6 27. Nxc6 Qf6 28. Ne5 h5 29. f4 h4 30. Qg5 Qxg5 31. fxg5 Rxe3 32. Rc8+ Kh7 33. g6+ Kh6 34. Nf7+ Kxg6 35. Nxd6 Re2 36. R8c2 1-0

[Event "Muensterland Verbandsklasse-B 1112"]
[Site "Germany"]
[Date "2011.12.10"]
[Round "4.1"]
[White "Schipke, Thorsten"]
[Black "Graelken, Matthias"]
[Result "0-1"]
[WhiteElo "1836"]
[BlackElo "2026"]
[PlyCount "48"]
[EventDate "2011.09.17"]
[EventType "team-tourn"]
[EventRounds "9"]
[EventCountry "GER"]
[SourceTitle "EXT 2013"]
[Source "ChessBase"]
[SourceDate "2012.11.22"]
[SourceVersion "1"]
[SourceVersionDate "2012.11.22"]
[SourceQuality "1"]
[WhiteTeam "Nienberge II"]
[BlackTeam "Steinfurt"]
[WhiteTeamCountry "GER"]
[BlackTeamCountry "GER"]

1. e4 d5 2. exd5 Qxd5 3. Nc3 Qa5 4. d4 Nf6 5. h3 Nc6 6. Nf3 Bf5 7. Bb5 Ne4 8. Bxc6+ bxc6 9. 0-0 Nxc3 10. Qe1 e6 11. Bd2 Bd6 12. Bxc3 Qd5 13. Ne5 Bxc2 14. Qe2 Be4 15. f3 Bxe5 16. Qxe4 Bf6 17. Rac1 0-0 18. b3 Rfd8 19. Rfd1 c5 20. Qe1 cxd4 21. Ba5 Rd7 22. Bxc7 e5 23. Rc4 d3 24. Rdc1 d2 0-1

[Event "Muensterland Verbandsklasse-B 1112"]
[Site "Germany"]
[Date "2011.10.08"]
[Round "2.1"]
[White "Schipke, Thorsten"]
[Black "Winking, Hendrik"]
[Result "1/2-1/2"]
[WhiteElo "1836"]
[BlackElo "1965"]
[PlyCount "26"]
[EventDate "2011.09.17"]
[EventType "team-tourn"]
[EventRounds "9"]
[EventCountry "GER"]
[SourceTitle "EXT 2013"]
[Source "ChessBase"]
[SourceDate "2012.11.22"]
[SourceVersion "1"]
[SourceVersionDate "2012.11.22"]
[SourceQuality "1"]
[WhiteTeam "Nienberge II"]
[BlackTeam "Stadtlohn"]
[WhiteTeamCountry "GER"]
[BlackTeamCountry "GER"]

1. e4 d6 2. d4 g6 3. f4 Bg7 4. Nf3 Nf6 5. Bd3 0-0 6. 0-0 c5 7. dxc5 dxc5 8. Nc3 e6 9. Be3 b6 10. h3 Bb7 11. Qe1 Nc6 12. Rd1 Qe7 13. a3 Rfd8 1/2-1/2

[Event "Muensterland Verbandsliga 1011"]
[Site "Germany"]
[Date "2011.03.26"]
[Round "8.8"]
[White "Schipke, Thorsten"]
[Black "Ehrlich, Hans Georg"]
[Result "0-1"]
[WhiteElo "1897"]
[BlackElo "1816"]
[PlyCount "108"]
[EventDate "2010.09.25"]
[EventType "team-tourn"]
[EventRounds "9"]
[EventCountry "GER"]
[SourceTitle "EXT 2012"]
[Source "ChessBase"]
[SourceDate "2011.11.24"]
[SourceVersion "1"]
[SourceVersionDate "2011.11.24"]
[SourceQuality "1"]
[WhiteTeam "Nienberge"]
[BlackTeam "Heiden"]
[WhiteTeamCountry "GER"]
[BlackTeamCountry "GER"]

1. e4 c6 2. d4 d5 3. e5 g6 4. Nf3 Bg4 5. h3 Bxf3 6. Qxf3 e6 7. Bd3 c5 8. dxc5 Qa5+ 9. Bd2 Qxc5 10. Nc3 a6 11. 0-0 Bg7 12. Rfe1 Ne7 13. Bg5 Nd7 14. Bf6 0-0 15. Re2 Nc6 16. Bxg7 Kxg7 17. Qf4 b5 18. a3 d4 19. Ne4 Qxe5 20. Qf3 Qd5 21. Qg3 h6 22. f4 f5 23. Nd2 e5 24. fxe5 Ndxe5 25. Rae1 Rae8 26. Nf3 Nxf3+ 27. gxf3 Rxe2 28. Rxe2 Rf7 29. Rg2 Qe6 30. Re2 Qf6 31. a4 bxa4 32. Bxa6 d3 33. Bxd3 Qxb2 34. Qd6 Qd4+ 35. Qxd4+ Nxd4 36. Re8 Ra7 37. Bc4 Nxc2 38. Re2 Nd4 39. Ra2 Nxf3+ 40. Kf2 Ng5 41. Ra3 Ne4+ 42. Ke3 Kf6 43. Bb5 Kg5 44. Kd4 Nd6 45. Bc6 Ra5 46. Bd7 Kh4 47. Kc3 Nb5+ 48. Bxb5 Rxb5 49. Rxa4+ Kxh3 50. Ra6 g5 51. Rxh6+ Kg3 52. Rg6 g4 53. Kd3 Re5 54. Kd4 Re8 0-1

[Event "Muensterland Verbandsklasse-B 0708"]
[Site "Germany"]
[Date "2007.12.15"]
[Round "4.3"]
[White "Schipke, Thorsten"]
[Black "Woestmann, Ulrich"]
[Result "0-1"]
[WhiteElo "1965"]
[BlackElo "2005"]
[PlyCount "68"]
[EventDate "2007.09.15"]
[EventType "team"]
[EventRounds "9"]
[EventCountry "GER"]
[SourceTitle "EXT 2009"]
[Source "ChessBase"]
[SourceDate "2008.11.26"]
[SourceVersion "1"]
[SourceVersionDate "2008.11.26"]
[SourceQuality "1"]
[WhiteTeam "Nienberge"]
[BlackTeam "Sendenhorst"]
[WhiteTeamCountry "GER"]
[BlackTeamCountry "GER"]

1. e4 c5 2. Na3 g6 3. Nf3 Bg7 4. c3 d6 5. Bb5+ Bd7 6. Bxd7+ Qxd7 7. 0-0 e6 8. d4 cxd4 9. cxd4 Ne7 10. Bf4 b5 11. Qd2 a6 12. Rfd1 0-0 13. Nc2 Nbc6 14. d5 exd5 15. exd5 Ne5 16. Nxe5 dxe5 17. Be3 Rac8 18. b4 Qxd5 19. Bc5 Qxd2 20. Rxd2 Rfe8 21. Ne3 Nc6 22. Nd5 f6 23. Rad1 Kf7 24. Nb6 Rcd8 25. Rd7+ Kg8 26. R1d6 Rxd7 27. Nxd7 Rc8 28. Nb6 Rd8 29. Nd7 a5 30. a3 axb4 31. axb4 f5 32. g3 Nd4 33. Nxe5 Rxd6 34. Bxd6 Bxe5 0-1

[Event "Muensterland Verbandsklasse-B 0607"]
[Site "Germany"]
[Date "2007.04.21"]
[Round "8.2"]
[White "Schipke, Thorsten"]
[Black "Klein, Bjoern"]
[Result "0-1"]
[WhiteElo "2001"]
[BlackElo "1966"]
[PlyCount "50"]
[EventDate "2006.09.23"]
[EventType "team"]
[EventRounds "9"]
[EventCountry "GER"]
[SourceTitle "EXT 2008"]
[Source "ChessBase"]
[SourceDate "2007.11.25"]
[SourceVersion "1"]
[SourceVersionDate "2007.11.25"]
[SourceQuality "1"]
[WhiteTeam "Nienberge"]
[BlackTeam "Steinfurt"]
[WhiteTeamCountry "GER"]
[BlackTeamCountry "GER"]

1. e4 c6 2. d4 d5 3. e5 Bf5 4. g4 Bd7 5. c4 e6 6. Nc3 Ne7 7. Nf3 h5 8. Bd3 hxg4 9. Ng5 dxc4 10. Bxc4 Nf5 11. Be3 Nxe3 12. fxe3 Qxg5 13. Qe2 g3 14. 0-0-0 g2 15. Rhg1 Rxh2 16. Ne4 Qh6 17. Rxg2 Rxg2 18. Qxg2 Qxe3+ 19. Kb1 b5 20. Be2 Na6 21. Rd3 Qf4 22. Rc3 Nc7 23. Bd3 Nd5 24. Rc1 Qe3 25. Be2 Nf4 0-1